JR東日本 岩泉線の駅 - Statistics

General Stats
  • This quiz has been taken 12 times
  • The average score is 5 of 9
Answer Stats
所在地 駅名 備考 % Correct
岩泉町 岩泉
91%
宮古市 茂市 JR東日本 山田線と接続
82%
宮古市 押角
64%
宮古市 岩手和井内
55%
岩泉町 岩手大川
45%
岩泉町 二升石
45%
宮古市 岩手刈屋
36%
宮古市 中里
27%
岩泉町 浅内
27%
No matching quizzes found
Score Distribution
Percent of People with Each Score
Percentile by Number Answered
Your Score History
You have not taken this quiz